000 00313nam a22001337a 4500
008 170619b xxu||||| |||| 00| 0 eng d
020 _ax000csuhjz
041 _aeng
080 _23RD
_a32
100 _a20
101 _aSHP
245 _aCOMPARATIVE POLITICS A GLOBAL INTRODUCTION
_cSODARO,M.J
942 _2udc
_cBK
999 _c18076
_d18076